000 002720000a22000970004500
100 1 _aWise, Michael O.
245 1 0 _aA note on the : "Three days" of 1 Maccabess 10:34
300 _aVol. 40, Num. 1 (Enero, 1990), Páginas 116-122
773 0 _tVetus Testamentum
942 _cANA
999 _c57613
_d57613